000 00969nam a22002177a 4500
999 _c15498
_d15498
003 AR-CdUCM
008 190427b ||||| |||| 00| 0 spa d
040 _aMUNICIPALIDAD PROVINCIAL DEL CUSCO
_cBIBLIOTECA MUNICIPAL DEL CUSCO
082 _a332.47 /
_bP4 / 1919
110 _aMinisterio de hacienda
_934593
245 _aLegislación monetaria :
_bcompilación de leyes y resoluciones supremas sobre la moneda peruana que comprende desde la adopción del sistema monetario del año 1863 hasta principios de 1919 /
260 _aLima :
_bCasa Nacional de la Moneda,
_c1919.
300 _a151 páginas ;
_bIlustraciones,
_c25 cm.
500 _aAntes del título: Perú. Ministerio de Hacienda. Casa Nacional de Moneda
505 _aContenido: Legislación monetaria -- Disposiciones sobre moneda -- La casa de la moneda de Lima.
650 _aMoneda
_95487
650 _aLegislación
_92962
650 _aPerú
_935
942 _2ddc
_cLIBROS
945 _aacv
_d2019-04-27